Tentoraz je to skutočné
Saved in:
| Main Author | |
|---|---|
| Format | Electronic eBook |
| Language | Czech |
| Published |
Metafora SK
2024
|
| Edition | 1. elektronické vydání |
| Subjects | |
| Online Access | Dostupné v BOOKPORT po přihlášení pomocí eduID |
| ISBN | 978-80-8090-845-4 978-80-8090-843-0 |
| Physical Description | 1 online zdroj (280 stran) |
Cover
| LEADER | 00000nam a2200000 i 4500 | ||
|---|---|---|---|
| 001 | bkp100336 | ||
| 003 | CZ-prgp | ||
| 005 | 20240827154036.0 | ||
| 006 | m o d | ||
| 007 | cr cn | ||
| 008 | 240827s2024 xr o 000 1 cze | ||
| 020 | |a 978-80-8090-845-4 |c 414 Kč |q (online ; epub) | ||
| 020 | |a 978-80-8090-843-0 |c 487 Kč |q (print) | ||
| 040 | |a Grada |b cze |e rda | ||
| 100 | 1 | |a Liang, Ann | |
| 245 | 1 | 0 | |a Tentoraz je to skutočné |c Ann Liang |
| 250 | |a 1. elektronické vydání | ||
| 264 | 1 | |b Metafora SK |c 2024 | |
| 300 | |a 1 online zdroj (280 stran) | ||
| 336 | |a text |b txt |2 rdacontent | ||
| 337 | |a počítač |b c |2 rdamedia | ||
| 338 | |a online zdroj |b cr |2 rdacarrier | ||
| 520 | 3 | |a Môže sa vysnívaný vzťah stať skutočnosťou? | |
| 650 | 0 | 4 | |a Romantika, romány pro ženy |
| 650 | 0 | 4 | |a Young Adult, New Adult |
| 856 | 4 | 0 | |u https://www.bookport.cz/AccountSaml/SignIn/?idp=https://shibboleth.utb.cz/idp/shibboleth&returnUrl=/kniha/tentoraz-je-to-skutocne-12851/ |y Dostupné v BOOKPORT po přihlášení pomocí eduID |